00577 2200229 4500001002100000005001500021035002000036008004100056245005600097100001700153250001000170260003700180300002700217020002200244084001700266082001100283650001300294990001000307990001000317990001000327990001000337INLIS00000000001203920260424110816 a0010-0426000010260424 g 0 ind 1 aFatherless :bandai ayah dengar ini /cRachmat Reza aRachmat Reza aCet.1 aYogyakarta :bMojok Group,c2024 axiv, 99 hlm ;c13x19cm a978-623-8463-13-8 a155.25 RAC f a155.25 4aMotivasi a58231 a58232 a58233 a58234